000 00150 a2200085 4500
041 _aspa
100 _aVulliamy, Clara
245 _aBabybug
942 _cBK
999 _c10532
_d10532